Veľkolepá je práca žien pre socializmus a mier Z predvolebného vystúpenia súdružky Marie Kabrhelovej

Bibliographic Details
Main Author: Kabrhelová, Marie, 1925- (Author)
Format: Article
Language:Slovak
Subjects:

MARC

LEADER 00000nab a2200000 a 4500
001 vtls000085086
003 SK-MaSNL
005 20260303032053.0
008 160201c1981 xo 0 slo
015 |a SNBRB19rr/mm-uuuuu 
035 |a CL0095188 
040 |a SNKBUCL  |b slo  |c SNKBUCL  |e AACR2 
041 0 |a slo 
044 |a xo  |c SK 
080 |a 324  |2 1981 
080 |a 323(100-11)(437)  |2 1981 
100 1 |a Kabrhelová, Marie,  |d 1925-  |4 aut  |9 5430 
245 1 0 |a Veľkolepá je práca žien pre socializmus a mier  |b Z predvolebného vystúpenia súdružky Marie Kabrhelovej  |c Marie Kabrhelová 
650 0 7 |a voľby  |2 snkbucl  |9 1580 
651 7 |a 3504  |2 snkbucl  |9 921336 
655 7 |a články z novín a časopisov  |2 snkbucl  |9 267496 
773 0 |t Pravda  |g Roč. 62, č. 120 (23. 5. 1981), s. 2 
850 |a Slovenská národná knižnica v Martine  |a MTA001 
852 |a SNK  |b KIS3GCP 
958 |a RK 
958 |a CZ 
992 |a RBX 
999 |c 1662049  |d 1663979